The Office Trivia #J - Statistics

General Stats
  • This quiz has been taken 67 times
  • The average score is 10 of 15
Answer Stats
Hint Answer % Correct
Michaels former boss and lover Jan Levinson
98%
Michael takes her to this place on vacation Jamaica
96%
CEO of Sabre Jo Bennett
96%
Jim puts Dwights Stapler in __ Jello
95%
Sales rep Jim Halpert
95%
Dwight, Kevin and Creed dress as __ for Halloween Joker
80%
On of the role cards on Diversity Day says __ Jewish
64%
Dwight once finds what in the parking lot? Joint
60%
Captain of the Booze Cruise Jack
58%
Jim takes off a week while on __ __ Jury Duty
58%
His boss at Stamford Josh Porter
51%
Michael, Oscar, Pam and Darryl go to a __ to find recruits Job Fair
49%
Andys ex-girlfriend Jessica
36%
Dwights brothers name Jeb
24%
Darryls ex-wife Justine
22%
No matching quizzes found
Score Distribution
Percent of People with Each Score
Percentile by Number Answered
Your Score History
You have not taken this quiz